MARC

LEADER 00000nam0a2200000 4500
001 285134
005 20231101235750.0
035 |a (RuTPU)RU\TPU\book\309339 
090 |a 285134 
100 |a 20150220d1980 k y0rusy50 ca 
101 0 |a rus 
102 |a RU 
105 |a a z 001zy 
200 1 |a Визейская угленосная формация западного склона Среднего Урала и Приуралья  |f В. И. Пахомов, И. В. Пахомов  |g Пермский политехнический институт (ППИ) 
210 |a Москва  |c Недра  |d 1980 
215 |a 152 с.  |c ил. 
320 |a Библиогр.: с. 146-152. 
606 1 |a Каменноугольные отложения  |x Стратиграфия  |2 stltpush  |3 (RuTPU)RU\TPU\subj\13577  |9 40163 
610 1 |a угленосность 
610 1 |a угленосные формации 
610 1 |a угленосные отложения 
610 1 |a Средний Урал 
610 1 |a Приуралье 
610 1 |a палеотектонические исследования 
610 1 |a биостратиграфические исследования 
610 1 |a фациально-генетические характеристики 
610 1 |a терригенное осадконакопление 
610 1 |a фациальный состав 
675 |a 551.735  |v 3 
700 1 |a Пахомов  |b В. И.  |g Владимир Ильич 
701 1 |a Пахомов  |b И. В.  |g Илья Васильевич 
712 0 2 |a Пермский политехнический институт (ППИ)  |c (1960-1992)  |2 stltpush  |3 (RuTPU)RU\TPU\col\7911 
801 1 |a RU  |b 63413507  |c 20150220 
801 2 |a RU  |b 63413507  |c 20160518  |g RCR 
942 |c BK